| 000 | 01253nam a2200205 a 4500 | ||
|---|---|---|---|
| 001 | 000048557 | ||
| 005 | 20250207073535.0 | ||
| 008 | 190329s2016 dr a r 000 spa d | ||
| 020 | _a9789945899023 | ||
| 040 |
_aDO-SdBNP _bspa _cBNPHU |
||
| 082 |
_axxx _bC822c |
||
| 100 |
_aCorporán, Maura Antonia _976022 |
||
| 245 | 1 | 0 |
_aCurso facilitador de la formación profesional. / : _bMaura Antonia Corporán, Bethania Nieto Peña. |
| 260 |
_aSanto Domingo : _bInstituto Nacional de Formación Técnico Profesional, _c2016. |
||
| 300 |
_av. : _bil ; _c28 cm. |
||
| 500 |
_aGuía 0 : _tEncuadre grupal -- _gGuía 1 : _tFormación profesional _gGuía 2 : _tComponentes fundamentales de la formación basada en normas técnicas de competencia laboral _gGuía 3 : _tLa calidad en la formación profesional _gGuía 4 : _tLa comunicación en el proceso enseñanza/aprendizaje _gGuía 5 : _tObjetivos de aprendizaje _gGuía 6 : _tAprendizaje y motivación _gGuía 7 : _tTécnicas didácticas y grupales _gGuía 8 : _tMedios audiovisuales _gGuía 9 : _tPlaneamiento didáctico _gGuía 10 : _tEstrategias de evaluación _gGuía 11 : _tConducción del proceso formativo |
||
| 590 | _aInventariado, 2019 / DG | ||
| 700 |
_aNieto Peña, Bethania _976023 |
||
| 710 | 2 |
_aINFOTEP (Agencia) _978644 |
|
| 999 |
_c48045 _d48045 |
||